OPERE. MEMORIE. RAPPORTO ALLA STAMPA DELLE OPERE DOTTRINALI COMPOSTE DAI VESCOVI. TOMO XLIX. (Record n. 293506)
[ formato base ]
| 000 -LEADER | |
|---|---|
| fixed length control field | 01277nam a2200229Ia 4500 |
| 001 - CONTROL NUMBER | |
| control field | A085-34673 |
| 003 - CONTROL NUMBER IDENTIFIER | |
| control field | IT-CnALBA |
| 008 - FIXED-LENGTH DATA ELEMENTS--GENERAL INFORMATION | |
| fixed length control field | 170116s9999||||xx |||||||||||||| ||und|| |
| 040 ## - CATALOGING SOURCE | |
| Original cataloging agency | IT-CnALBA |
| Transcribing agency | IT-CnALBA |
| 041 ## - LANGUAGE CODE | |
| Language code of text/sound track or separate title | POLIGLOTTA |
| 999 ## - SYSTEM CONTROL NUMBERS (KOHA) | |
| Koha Dewey Subclass [OBSOLETE] | SI |
| 100 ## - MAIN ENTRY--PERSONAL NAME | |
| Personal name | BOSSUET JACQUES-BENIGNE VESCOVO DI MEAUX |
| 245 #0 - TITLE STATEMENT | |
| Title | OPERE. MEMORIE. RAPPORTO ALLA STAMPA DELLE OPERE DOTTRINALI COMPOSTE DAI VESCOVI. TOMO XLIX. |
| 250 ## - EDITION STATEMENT | |
| Edition statement | 1a ed. |
| 260 ## - PUBLICATION, DISTRIBUTION, ETC. (IMPRINT) | |
| Place of publication, distribution, etc. | VENEZIA |
| Name of publisher, distributor, etc. | ZERLETTI PIETRO (PRESSO) |
| Date of publication, distribution, etc. | 1799 [1° Ed.:1799] |
| 300 ## - PHYSICAL DESCRIPTION | |
| Extent | 245 p. |
| 500 ## - GENERAL NOTE | |
| General note | OPERE DEI VESCOVI. USURA SECONDO LA LEGGE ISRAELITICA. VANGELO CONTRO L'USURA. PROIBIZIONE DELLA LEGGE DIVINA ED ECCLESIASTICA. CENSURA DI ALCUNE PROPOSIZIONI. GRAZIA AMORE DI DIO DUELLO. IL SACRAMENTO DELLA PENITENZA. DECRETO SULLA DISCIPLINA MORALE. FED |
| 501 ## - WITH NOTE | |
| With note | Società San Paolo EM - Piazza San Paolo, 14 - 12051 ALBA (CN) (non commercial uses only) ® Copyright 2017 |
| 520 ## - SUMMARY, ETC. | |
| Summary, etc. | OPERE DEI VESCOVI. USURA SECONDO LA LEGGE ISRAELITICA. VANGELO CONTRO L'USURA. PROIBIZIONE DELLA LEGGE DIVINA ED ECCLESIASTICA. CENSURA DI ALCUNE PROPOSIZIONI. GRAZIA AMORE DI DIO DUELLO. IL SACRAMENTO DELLA PENITENZA. DECRETO SULLA DISCIPLINA MORALE. FED |
| 650 ## - SUBJECT ADDED ENTRY--TOPICAL TERM | |
| Topical term or geographic name as entry element | RACCOLTE DI CARATTERE GEN. IN ITALIANO |
| 942 ## - ADDED ENTRY ELEMENTS (KOHA) | |
| Koha item type | LIBRO |
| 957 ## - | |
| -- | 1 |
| 999 ## - SYSTEM CONTROL NUMBERS (KOHA) | |
| -- | Copie: 1 |
| Withdrawn status | Lost status | Damaged status | Not for loan | Home library | Current library | Date acquired | Total Checkouts | Full call number | Date last seen | Price effective from | Koha item type | Public note |
|---|---|---|---|---|---|---|---|---|---|---|---|---|
| Buone Condizioni | Not For Loan | ALBA - Biblioteca | ALBA - Biblioteca | 16/01/2017 | A085-34673 | 16/01/2017 | 16/01/2017 | LIBRO | (data import: 16 gennaio 2017) - By Epidotti, Vaglietti. |